MARC

LEADER 00000nam a2200000Ia 4500
001 14866
008 160829s1986 xx 000 0 cat d
080 |a FU-31-43 
100 |a Museu Arqueològic de Barcelona 
245 |a Museu secret / Museu Arqueològic de Barcelona 
260 |a [Barcelona :  |b Diputació de Barcelona,  |c 1986 
300 |a 22 p. :  |b  il. col. ;  |c 20 x 20 cm 
590 |a Variant del títol: El Museu secret del Museu Arqueològic de Barcelona.  
590 |a Catàleg editat amb motiu de les exposicions commemoratives del 50è aniversari del Museu; organització: Diputació de Barcelona, Servei de Cultura 
610 2 0 |a Museu Arqueològic de Barcelona   |v Exposicions  |9 55272 
710 1 |a Barcelona (Catalunya : Província).  |b Servei de Cultura  |9 54401 
901 |a Arxiu 
942 |n 1 
952 |0 0  |1 0  |4 0  |6 FU3143  |7 1  |9 43490  |a Arxiu  |b Arxiu  |d 2016-12-01  |l 0  |o FU-31-43  |p 14866  |r 2016-12-01 00:00:00  |w 2016-12-01  |y ARXIU 
999 |c 46036  |d 46036